Catálogo

Energías renovables : (Registro nro. 41133)

Detalles MARC
000 -LEADER
fixed length control field 00753cam a2200217 i 4500
001 - CONTROL NUMBER
control field 41133
003 - CONTROL NUMBER IDENTIFIER
control field Mx-PuUPA
005 - DATE AND TIME OF LATEST TRANSACTION
control field 20251023082838.0
008 - FIXED-LENGTH DATA ELEMENTS--GENERAL INFORMATION
fixed length control field 140415s? ad gr 000 0 spa d
040 ## - CATALOGING SOURCE
Transcribing agency Mx-PuUPA
041 0# - LANGUAGE CODE
Language code of text/sound track or separate title spa
082 04 - DEWEY DECIMAL CLASSIFICATION NUMBER
Classification number xx
Item number xx
Edition number 23
100 1# - MAIN ENTRY--PERSONAL NAME
Personal name Chacón Anaya, Daniel
Relator term autor
245 ## - TITLE STATEMENT
Title Energías renovables :
Remainder of title la reforma energética del siglo XXI /
Statement of responsibility, etc. Daniel Chacón Anaya, David Shields, Eduardo Reyes y otros 9
264 #1 - PRODUCTION, PUBLICATION, DISTRIBUTION, MANUFACTURE, AND COPYRIGHT NOTICE
Place of production, publication, distribution, manufacture México, D.F. :
Name of producer, publisher, distributor, manufacturer Konrad-Adenauer-Stiftung
300 ## - PHYSICAL DESCRIPTION
Extent 226 páginas :
Other physical details ilustraciones, gráficas ;
Dimensions 22 cm
700 1# - ADDED ENTRY--PERSONAL NAME
Personal name Shields, David,
Relator term autor
700 1# - ADDED ENTRY--PERSONAL NAME
Personal name Reyes, Eduardo,
Relator term autor
942 ## - ADDED ENTRY ELEMENTS (KOHA)
Source of classification or shelving scheme Dewey Decimal Classification
Koha item type Libro
Classification part xx
Item part xx
Existencias
Withdrawn status Lost status Source of classification or shelving scheme Damaged status Not for loan Collection code Home library Current library Shelving location Date acquired Source of acquisition Total Checkouts Full call number Barcode Price effective from Koha item type
    Dewey Decimal Classification   En catalogación General Biblioteca Karol Wojtyla Biblioteca Karol Wojtyla Procesos técnicos 03/12/2013 Donación   xx 62066 03/12/2013 Libro